000 00851nam a2200241Ia 4500
003 OSt
005 20220918110831.0
006 a|||||r|||| 00| 0
007 ta
008 220915b |||||||| |||| 00| 0 hin d
024 _a208163
037 _cReference Collections
040 _aARTS
_cARTS
_bhin
041 _2hin
_ahin
082 _aP152:4k, 1593M4(RR)
245 0 _aहिन्दी सिंधी व्यावहारिेक लधु कोश
246 _aHindī siandhī vyāvahāriek ladhu kosha
260 _aनई दिल्ली
_bकेन्द्रीय हिन्दी निदेशालय
_c1984
300 _a442पृ0
490 _aद्विभाषा ककोशमाला; 2
942 _hP152:4k, 1593M4(RR)
_cREF
999 _c115113
_d115113